Breaking the Fourth Wall Quiz Stats

Quiz Updated Mar 19, 2012

Challenge
Share
Tweet
Score 0/20 Timer 06:00
0 Plays Today
Number TV Show/Movie % Correct
5Dora the Explorer
92.5%
20The Fresh Prince of Bel-Air
86.6%
8Wayne's World
79.6%
7Malcolm in the Middle
77%
1Ferris Bueller's Day Off
75.9%
2Spaceballs
67.6%
17Saved by the Bell
64.5%
10The Bernie Mac Show
58%
19Fight Club
57.7%
12Amélie
42.6%
Number TV Show/Movie % Correct
3Clarissa Explains It All
39.2%
18Animal House
36.3%
4Hot Tub Time Machine
34.7%
6Airplane!
33.5%
11Annie Hall
29.6%
9The Muppet Movie
27.6%
15High Fidelity
26.2%
16Ned's Declassified School Survival Guide
22.2%
13Boston Legal
18%
14It's Garry Shandling's Show
3.8%

You're not logged in!

Compare scores with friends on all Sporcle quizzes.
Sign Up with Email
OR
Log In

You Might Also Like...

Show Comments

Extras

Top Quizzes Today


Score Distribution

Your Account Isn't Verified!

In order to create a playlist on Sporcle, you need to verify the email address you used during registration. Go to your Sporcle Settings to finish the process.